Chemická technologie. Základní pedagogické dokumenty pro střední odborné školy - studijní obor 28-51-6

Bibliographic Details
Format: Book
Language:Undetermined
PhysicalDescription:305 s.
Published: Praha Státní pedagogické nakladatelství 1983

MARC

LEADER 00000nam a2200000 a 4500
001 vtls001372216
003 SK-MaSNL
005 20260416164858.0
008 160308s1983 xx 0 und
035 |a SNK000326064 
040 |a SNK  |b slo  |c SNK  |e AACR2 
245 1 |a Chemická technologie. Základní pedagogické dokumenty pro střední odborné školy - studijní obor 28-51-6 
260 |a Praha  |b Státní pedagogické nakladatelství  |c 1983 
300 |a 305 s. 
958 |a OND 
999 |c 636039  |d 637969 
952 |t P60, <04>, [BOOK], {604}  |a SNK  |b SNK  |y VYP  |7 0  |p 17A0210035  |o snkSB 36390 D1  |0 0  |1 0  |4 0  |d 1999-09-10  |l 0  |r 2005-01-02 00:00:00  |w 2026-02-23 
952 |a SNK  |b SNK  |y PREZ  |7 0  |p 17A0776283  |o snkSB 36390  |0 0  |1 0  |4 0  |d 2012-03-26  |l 0  |r 2025-04-15 00:00:00  |w 2026-02-23